Welcome to CU Library Online Public Access Catalogue (OPAC)

The Organizational Behavior Reader (Record no. 9170)

MARC details
000 -LEADER
fixed length control field 00492nam a22001577a 4500
005 - DATE AND TIME OF LATEST TRANSACTION
control field 20260325193346.0
008 - FIXED-LENGTH DATA ELEMENTS--GENERAL INFORMATION
fixed length control field 260325b |||||||| |||| 00| 0 eng d
020 ## - INTERNATIONAL STANDARD BOOK NUMBER
International Standard Book Number 9780131441507
050 ## - LIBRARY OF CONGRESS CALL NUMBER
Classification number HF5548.8
Item number .K522
245 ## - TITLE STATEMENT
Title The Organizational Behavior Reader
Statement of responsibility, etc. edited by Joyce S. Osland et al.
250 ## - EDITION STATEMENT
Edition statement 8th ed.
260 ## - PUBLICATION, DISTRIBUTION, ETC.
Place of publication, distribution, etc. Upper Saddle River, New Jersey
Name of publisher, distributor, etc. Pearson/ Prentice Hall
Date of publication, distribution, etc. 2007
300 ## - PHYSICAL DESCRIPTION
Extent x. 723p.
Other physical details ill.
Dimensions 23.5cm
700 ## - ADDED ENTRY--PERSONAL NAME
Personal name Osland, Joyce S.
942 ## - ADDED ENTRY ELEMENTS (KOHA)
Source of classification or shelving scheme Library of Congress Classification
Koha item type Books
Edition 8th ed.
Suppress in OPAC No
999 ## -
-- 9170
-- 9170
Holdings
Withdrawn status Lost status Source of classification or shelving scheme Damaged status Not for loan Collection Home library Current library Shelving location Date acquired Total checkouts Full call number Barcode Date last seen Copy number Price effective from Koha item type
    Library of Congress Classification     Non-fiction Business Library (Miotso) Business Library (Miotso) General stacks 03/25/2026   HF5548.8 .K522 ORG BSSM00003043 03/25/2026 1 03/25/2026 Books
© 2023-2024 Copyright: Central University Libraries. All Rights Reserved | Created by: Mahone Tech Office